Splajn - funkcii v ekonomiko-statističeskich issledovanijach

Saved in:
Bibliographic Details
Format: Book
Language:Russian
Published: Novosibirsk Nauka 1987
Tags: Add Tag
No Tags, Be the first to tag this record!

MARC

LEADER 00000nam a2200000 4500
001 c111389
005 20230223122736.1
041 0 |a rus 
044 |a RU 
245 1 0 |a Splajn - funkcii v ekonomiko-statističeskich issledovanijach 
264 1 |a Novosibirsk  |b Nauka  |c 1987 
300 |a 203 s.